Top Twenty Money Making Movies. The good, the Bad and the Ugly - Statistics

General Stats
  • This quiz has been taken 333 times
  • The average score is 7 of 20
Answer Stats
Year Clue U.S. Dollars in billions Answer % Correct
1997 Slave ship, dream ship, death ship 2.19 Titanic
86%
2009 One life ends... Another begins 2.78 Avatar
78%
2012 Tesseract, Loki, Ensemble 1.51 Marvel's The Avengers
78%
2008 Eckhart, Caine, Roberts 1.00 The Dark Knight
60%
2012 Caine, Oldman, Hathaway 1.08 The Dark Knight Rises
51%
2013 Kingdom in eternal Winter 1.19 Frozen
49%
2013 The suit makes the man 1.21 Iron Man III
45%
2012 Hashima Island, Silva, Craig 1.11 Skyfall
35%
2006 Savvy pirate has a heart 1.06 Pirates of the Caribbean: Dead Man's Chest
34%
2010 Lots-o'-Huggin' Picklepants 1.06 Toy Story III
30%
2003 The journey doesn't end here 1.14 The Lord of the Rings: The Return of the King
29%
1999 Evil Trade Federation 1.01 Star Wars Ep. 1: The Phantom Menace
28%
1993 Clever girl, blood-sucking lawyer 1.03 Jurassic Park
27%
2001 Surrey, 11th birthday, King's Cross Station 0.97 Harry Potter and The Sorcerer's Stone
21%
2011 Lovable rogue, Fountain of Youth 1.04 Pirates of the Caribbean: On Stranger Tides
18%
2011 Spacecraft hidden on the moon 1.12 Transformers: Dark of the Moon
18%
2013 Eat jelly, you purple freaks! 0.97 Despicable Me 2
12%
2012 A not so unexpected success 1.01 The Hobbit: An Unexpected Journey
12%
2011 Horcruxes, Bellatrix, Hufflepuff 1.33 Harry Potter and the Deathly Hallows: Part II
10%
2010 Kingsleigh not in chains 1.02 Alice in Wonderland
9%
No matching quizzes found
Score Distribution
Percent of People with Each Score
Percentile by Number Answered
Your Score History
You have not taken this quiz